Statistiques concernant US Open : Palmarès Femmes

Cliquez ici pour prendre le quiz!

Statistiques générales

  • Ce quiz a été pris 61 fois
    (8 depuis la dernière actualisation)
  • Le résultat moyen est 32 sur 52

Statistiques - réponses

Année Femmes % Correct
2002Serena Williams
100%
2014Serena Williams
100%
2013Serena Williams
100%
2012Serena Williams
100%
1999Serena Williams
100%
2000Venus Williams
100%
2008Serena Williams
100%
2001Venus Williams
100%
1993Steffi Graf
88%
1995Steffi Graf
88%
1996Steffi Graf
88%
1989Steffi Graf
88%
1988Steffi Graf
88%
2006Maria Sharapova
88%
1986Martina Navratilova
75%
1987Martina Navratilova
75%
2003Justine Henin
75%
1992Monica Seles
75%
2007Justine Henin
75%
1984Martina Navratilova
75%
1983Martina Navratilova
75%
1991Monica Seles
75%
1982Chris Evert
63%
1980Chris Evert
63%
1978Chris Evert
63%
1977Chris Evert
63%
1997Martina Hingis
63%
2018Naomi Osaka
63%
2005Kim Clijsters
63%
2010Kim Clijsters
63%
2009Kim Clijsters
63%
1976Chris Evert
63%
1975Chris Evert
63%
1998Lindsay Davenport
50%
1972Billie Jean King
50%
1994Arantxa Sanchez
50%
1971Billie Jean King
50%
1974Billie Jean King
50%
2016Angelique Kerber
50%
2004Svetlana Kuznetsova
38%
1990Gabriela Sabatini
38%
1973Margaret Smith Court
25%
1970Margaret Smith Court
25%
1969Margaret Smith Court
25%
2019Bianca Andreescu
25%
1985Hana Mandlikova
25%
2011Samantha Stosur
25%
1979Tracy Austin
13%
1981Tracy Austin
13%
2015Flavia Pennetta
13%
2017Sloane Stephens
0%
1968Virginia Wade
0%

Distribution des résultats

Percentile by Number Answered

% des personnes avec chaque résultat

Votre développement - résultats

Vous n’avez pas pris ce quiz depuis la dernière actualisation